000 00585nam a2200217 4500
020 _a9789352828531
082 _aM 894.812 092
_bJOS/A
100 _aJoseph T J
245 _aAttupokkatha ormakal/
_cby Joseph T J
250 _a18
260 _aKottayam:
_bD C Books,
_c2025.
300 _a431p.
650 _aAutobiography T J Joseph
650 _aBiography T J Joseph
650 _aAutobiography College Professor
650 _aBiograpy College Professor
650 _aBiography Malayalam Writer
650 _aLiterature Malayalam
650 _aLiterature
942 _cBK
999 _c181924
_d181924